|
|
|
|
| LEADER |
02121nam a22004937a 4500 |
| 001 |
37783 |
| 003 |
BD-DhAAL |
| 008 |
220222t2009 bg x r 0 0eng d |
| 999 |
|
|
|c 43558
|d 43558
|
| 010 |
|
|
|a 2014212252
|z 2011350179
|
| 020 |
|
|
|a 9789843319784
|
| 035 |
|
|
|a (OCoLC)ocn881844804
|
| 040 |
|
|
|a DLC
|b eng
|e rda
|c DLC
|d OCLCO
|d OCLCF
|d OCLCA
|d OCLCQ
|d IUL
|d BD-DhAAL
|
| 042 |
|
|
|a pcc
|
| 043 |
|
|
|a a-bg---
|
| 050 |
0 |
0 |
|a LA1166
|b .D572
|
| 082 |
|
|
|a 361.8095492
|
| 245 |
0 |
0 |
|a Directory of NGOs with education programme, Bangladesh.
|
| 246 |
3 |
0 |
|a NGOs with education programme, Bangladesh
|
| 246 |
1 |
3 |
|a Directory, NGOs with education programme
|
| 264 |
|
1 |
|a Dhaka :
|b Campaign for Popular Education,
|c 2009.
|
| 300 |
|
|
|a vii, 761 pages ;
|c 28 cm.
|
| 310 |
|
|
|a Irregular
|
| 362 |
1 |
|
|a Began with: First edition (1993), Vol. 2
|
| 500 |
|
|
|a Volumes for 2004-2006 cataloged as monographs in LC.
|5 DLC
|
| 515 |
|
|
|a Issued in 2 volumes.
|
| 515 |
|
|
|a 2016 also called sixth edition
|
| 526 |
|
|
|a BIED
|
| 541 |
|
|
|a Complimentary copy from BIED
|e 37783
|
| 546 |
|
|
|a In English; includes data collection form in Bengali.
|
| 590 |
|
|
|a Acquired via LC overseas office. New Delhi Field Office. Most recent issues may not yet be available in LC.
|
| 650 |
|
0 |
|a Non-governmental organizations
|z Bangladesh
|v Directories.
|9 45989
|
| 650 |
|
0 |
|a Education
|z Bangladesh
|x Societies, etc.
|v Directories.
|9 45990
|
| 650 |
|
0 |
|a Literacy
|z Bangladesh
|x Societies, etc.
|v Directories.
|9 45991
|
| 650 |
|
7 |
|a Education
|x Societies, etc.
|2 fast
|9 45992
|
| 650 |
|
7 |
|a Literacy
|x Societies, etc.
|2 fast
|9 45993
|
| 650 |
|
7 |
|a Non-governmental organizations.
|2 fast
|9 45994
|
| 651 |
|
7 |
|a Bangladesh.
|2 fast
|9 45995
|
| 655 |
|
7 |
|a Directories.
|2 fast
|9 46005
|
| 710 |
2 |
|
|a Campaign for Popular Education (Organization)
|9 45997
|
| 850 |
|
|
|a DLC
|
| 852 |
|
|
|a Ayesha Abed Library
|c BIED Collection
|
| 942 |
|
|
|2 ddc
|c BK
|
| 952 |
|
|
|0 0
|1 0
|2 ddc
|4 0
|6 361_809549200000000_DIR
|7 0
|9 69863
|a BRACUL
|b BRACUL
|c GEN
|d 2022-02-22
|e Complimentary copy from BIED
|l 0
|o 361.8095492 DIR
|p 3010037783
|r 2022-02-22
|t 1
|w 2022-02-22
|y BK
|x Transferred from BIED to General Stacks
|